[Event "Amsterdam Euwe Memorial"]
[Site "Amsterdam"]
[Date "1989.??.??"]
[Round "5"]
[White "Short, Nigel D"]
[Black "Salov, Valery"]
[Result "1-0"]
[WhiteElo "2650"]
[BlackElo "2630"]
[Annotator "ChessBase"]
[PlyCount "53"]
[EventDate "1989.03.??"]
[EventType "tourn"]
[EventRounds "6"]
[EventCountry "NED"]
[EventCategory "16"]
[SourceTitle "CBM 012"]
[Source "ChessBase"]
[SourceDate "1989.10.01"]
[SourceVersion "1"]
[SourceVersionDate "1989.10.01"]
[SourceQuality "1"]

1. e4 e5 2. Nf3 Nf6 3. Nxe5 d6 4. Nf3 Nxe4 5. d4 d5 6. Bd3 Bd6 7. O-O O-O 8. c4
c6 9. Nc3 (9. Re1 Re8 (9... Bf5 10. Qb3 $1 $14 Na6 (10... Qb6 11. Qc2 $1) 11.
Nc3 Nec5 $6 (11... dxc4 12. Bxc4 Nxc3 13. bxc3 b5 14. Bf1 Nc7 $14) 12. dxc5
Nxc5 13. Bxf5 Nxb3 14. axb3 $16 {Khalifman,A-Rosentalis,E/URS-YM Vilnius/1-0/
43/ ->CBM7 ->Inf.45/351}) 10. Nc3 Nxc3 11. bxc3 Bg4 (11... dxc4 12. Bg5 Rxe1+
13. Qxe1 Qf8 14. Bxc4 Nd7 15. Bd3 Nb6 16. c4 c5 17. d5 $14 {Khalifman,
A-Rosentalis,E/URS/1986/}) 12. Bg5 Rxe1+ 13. Qxe1 Qd7 14. Qe3 Qe6 $1 15. Rb1 b6
16. cxd5 cxd5 17. c4 {+/= Nunn;  Timman; Huebner,R-Timman,J/Rotterdam EU-Cup f/
1988/1/2-1/2/31/ -> CBM9/S.52 ->Inf.46/393}) (9. Qc2 Na6 {9...f5 (!)} 10. a3 (
10. Bxe4 dxe4 11. Qxe4 Re8 12. Qd3 Bg4 {12...c5!?} 13. Bg5 Qd7 14. Nbd2 h6 15.
Be3 f5 $44) 10... Bg4 (10... f5 11. Nc3 $5 (11. c5 $6 Be7 12. Ne5 Nc7 13. f3
Ne6 14. Be3 (14. fxe4 $2 dxe4 $1) 14... Bg5 15. f4 Bh6 (15... Bf6 $1 16. b4 g5
$1 $15) 16. Nc3 Bd7 17. b4 Be8 18. g4 $5 g6 19. g5 Bg7 20. Ne2 Rc8 21. Qa4 $2 {
>= 21.a4!} a6 22. Rad1 Rc7 23. Qb3 h6 24. h4 hxg5 25. hxg5 N4xg5 26. fxg5 Bxe5
27. dxe5 f4 28. Bc1 Qxg5+ 29. Kf2 Qh4+ 30. Kg2 f3+ 31. Rxf3 Rxf3 32. Kxf3 Rf7+
{0-1; De Firmian,N-Kogan/USA-ch/1986/}) 11... Nc7 12. Ne2 $1 (12. Re1 $6 Kh8
13. b4 Bd7 14. Bb2 Be8 15. c5 $6 Be7 16. Ne5 Bh4 17. Rf1 Bg5 18. Ne2 Bh5 19.
Ng3 Bg6 20. Rfe1 Bf4 21. Bc1 Bxe5 22. dxe5 Qh4 23. Bb2 Ne6 24. Rad1 f4 25. Nxe4
dxe4 26. Bc4 e3 27. Rd3 f3 28. Rexe3 Qg4 {0-1; Gufeld,E-Kochiyev,A/URS/1980/
->Inf.29/218}) 12... Ne6 13. b4 Kh8 (13... Bd7 14. Bb2 Rf6 15. cxd5 {15.Rae1 
(?) Chandler-Dive/Wellington/1988/ -/+} cxd5 16. Qb3 Be8 17. Ne5 $14) 14. Bb2
Qe8 {>= 14...Rf6} 15. Rae1 Qh5 16. Ne5 f4 17. f3 N4g5 18. cxd5 cxd5 19. Bc1 $16
{Timman,J-Salov,V (2)/Saint John cm/1988/1/2-1/2/46/ ->CBM6/S.31 ->Inf.354})
11. Ne5 (11. c5 Bc7 12. Ne5 Bxe5 13. dxe5 Nexc5 (13... Naxc5 $6 14. f3 $1 Qb6
15. Be3 d4 16. Bxd4 Rfd8 17. Bxe4 $1) 14. Bxh7+ Kh8 15. b4 Qh4 16. Bd3 Nxd3 17.
Qxd3 Nc7 {Timman,J-salov,V (4)/saint John cm/1988/1/2-1/2/81/ CBM6/S.31}) (11.
Nbd2 Nxd2 12. Nxd2 Qh4 13. f4 Rae8 14. c5 Bb8 15. Nb3 Re7 16. Bd2 Rfe8 17. Rf2
Nc7 18. g3 Qh5 19. f5 f6 20. a4 {Short,N-Hort,V/BL/1988/} Na6 $1 21. Raf1 Bh3
$10) (11. Bxe4 dxe4 12. Ng5 (12. Qxe4 Bxf3 13. Qxf3 Qh4 $15) 12... Bf5 13. Nc3
(13. Nxe4 Qh4 $1) (13. f3 Be7 $17) 13... Re8 14. Re1 Bc7 $1 $17 {Ljubojevic,
L-Timman,J/Linares/1988/0-1/34/ ->CBM6/S.31}) 11... Bxe5 12. dxe5 Nac5 13. b4 (
13. f3 $5 Nxd3 14. Qxd3 Nc5 15. Qd4 Nb3 16. Qxg4 Nxa1 17. Bh6 g6 (17... Qb6+ $5
18. Kh1 g6 $13) 18. Bxf8 Qxf8 19. cxd5 cxd5 20. Rc1 $14) (13. cxd5 Qxd5 14.
Bxe4 Nxe4 15. f3 Nc5 $1 {/\ 16...Nb3} 16. Rd1 Qb3 $1 17. Rd2 Qxc2 18. Rxc2 Nb3
$17) 13... Nxd3 14. Qxd3 Bf5 15. cxd5 cxd5 $10 {Hazai,L-Makarichev,S/Rotterdam
EU-Cup f/1988/0-1/44/  ->CBM9 ->Inf.46/399}) 9... Nxc3 10. bxc3 Bg4 (10... dxc4
11. Bxc4 Bg4 12. Qd3 Nd7 (12... Bh5 13. Bg5 Qc7 14. Rae1 Nd7 (14... Bxf3 15.
Qxf3 Bxh2+ 16. Kh1 Bd6 17. Re4 $16) 15. Be7 Bxe7 (15... Rfe8 16. Ng5 Bg6 17.
Bxf7+ $18) 16. Rxe7 Qd6 17. Rfe1 b5 18. Bb3 Bg6 19. Qe2 a5 20. c4 $18 {
Chandler,M-Baraua,D/Thessaloniki ol/1988/1/2-1/2/77/}) 13. Ng5 Nf6 14. h3 Bh5
15. f4 h6 16. g4 hxg5 17. fxg5 Nxg4 18. hxg4 Qd7 19. gxh5 (19. Qf5 $6 Bxg4 20.
Qxd7 Bxd7 21. Rxf7 Rxf7 22. g6 Be8 {Nunn,J-Salov,V/Brussels WCup/1988/1/2-1/2/
47/ -> CBM 7/S.36 ->Inf.45/353}) 19... Qg4+ 20. Kf2 $18 {Short,N-Huebner,R/
Tilburg/1988/1-0/24/ -> CBM9/S.52 -> Inf.46/394} Rae8 21. Rg1 Qh4+ 22. Kg2 b5
23. Bb3 Re4 $5 24. Qf3 $1 Bh2 25. Bd2 $1 $18 (25. Rh1 $2 Rg4+ 26. Kf1 Rg3 $1
27. Qxc6 Qh3+ 28. Kf2 Qf5+ 29. Ke1 Bg1 $1 (29... Rc8 $2 30. Be6 $1 $18 {
Psahkis,L-Mikhalchishin,A/URS-FL Klaipeda/1988/ -> CBM 11/S.58}) 30. Kd1 Qd3+
31. Bd2 Be3 $19 {Psakhis})) 11. cxd5 (11. Re1 Nd7 12. c5 Bc7 {12...Be7} 13. Bg5
$1 f6 14. Bh4 Rf7 15. Qc2 $16) (11. c5 Bc7 {11...Be7} 12. Bg5 Qxg5 13. Nxg5
Bxd1 14. Rfxd1 $14) (11. Rb1 dxc4 12. Bxc4 b5 13. Be2 Nd7 14. a4 a6 15. c4 bxc4
16. Qc2 Bxf3 17. Bxf3 Qh4 18. g3 Qxd4 19. Rd1 Qf6 20. Bxc6 Rad8 21. Bxd7 Rxd7
22. Bf4 Rfd8 $10) 11... cxd5 12. Rb1 (12. Bb1 Nc6 $13 (12... Bh5 $6 13. Qc2 Bg6
14. Qb3 b6 15. Bxg6 hxg6 16. Kh1 Bc7 17. Ba3 Re8 18. Rae1 Rxe1 19. Rxe1 a6 20.
Ne5 Ra7 21. f4 $16)) 12... b6 $6 (12... Nd7 $5 13. h3 Bh5 14. Rxb7 (14. a4 $5
b6 15. Bf5 $5 (15. Rb5 Nf6 16. Bg5 Be7 (16... Rc8 17. Bxf6 Qxf6 18. Rxd5 Bxf3
19. Qxf3 Qxf3 20. gxf3 Rxc3 21. Rxd6 Rxd3 $10 {Ivanchuk,V-Rosentalis,E/Lvov/
1987/}) 17. g4 Bg6 18. Bxg6 hxg6 19. Bxf6 Bxf6 20. Qb3 Rc8 $1 $10) 15... Nf6
16. Bg5 Be7 17. Qd3 Bg6 18. Ne5 Bxf5 19. Qxf5 Rc8 20. Bxf6 Bxf6 21. Nd7 Re8 22.
Rfe1 Rxe1+ 23. Rxe1 Rxc3 24. Qxd5 $14 {Kotronias}) (14. Rb5 Nb6 15. c4 $5 (15.
a4 Bg6 (15... a6 $5 16. Rxb6 $5 (16. Rb1 a5 $10) (16. Bxh7+ $2 Kxh7 17. Ng5+
Qxg5 18. Bxg5 Bxd1 19. Rxb6 Bxa4 20. Rxd6 $15) 16... Qxb6 17. Bxh7+ Kh8 18. Bd3
$13) 16. Bxg6 hxg6 17. Qb3 Re8 18. Bg5 Qd7 19. a5 Nc4 20. Rxb7 (20. Nd2 $6 Qc6
$15 {Mestel,A-Miralles,G/thessaloniki ol/1988/1/2-1/2/86/ ->IOf.46/398}) 20...
Bc7 $1 {/\ 16...Na5} 21. Qb5 Qd6 22. Rb1 a6 23. Qb4 Qc6 $13) 15... Bxf3 (15...
Nxc4 16. Rxd5 Bh2+ {>= 16...Bxf3} 17. Nxh2 $1 Qxd5 18. Bxc4 Qxc4 19. Qxh5 $14)
16. Qxf3 dxc4 17. Bc2 $1 a6 $6 (17... Qd7 {! Nunn; +/- Beliavsky;} 18. a4 Rab8
19. Be3 {/\ Rfb1,a5 +/- Beliavsky}) (17... Qc7 18. a4 a6 19. Rh5 g6 20. Bh6
Rfe8 21. Qf6 Bf8 22. Bxf8 Rxf8 23. Rc5 Qd8 24. Qxd8 Raxd8 25. Rb1 Rd6 26. a5
Nd7 27. Rxc4 b5 $10) (17... Rb8 $5 18. a4 a6 19. Bg5 Qc7 20. Bxh7+ Kxh7 21.
Qh5+ Kg8 22. Bf6 Bh2+ $1 23. Kh1 Qf4 $1 24. Bxg7 Kxg7 25. Rg5+ Kf6 26. Qh6+ Ke7
27. Re5+ Kd7 28. Qxb6 $44) 18. Bg5 $1 axb5 (18... Qc7 19. Bf6 $1 axb5 20. Bxh7+
Kxh7 21. Qh5+ Kg8 22. Qg5 $18) 19. Bxd8 $16 {Beliavsky,A-Petursson,M/Reykjavik
WCup/1988/36/1-0/ ->CBM10/S.55 ->Inf.46/396}) 14... Nb6 $1 {Serper,G-Akopian,V/
URS-YM Tbilisi/1989/1/2-1/2/29/ -> CBM 12 Sokolov,A-Rosentalis,E/URS/1986/ ->
Inf.42/382} 15. Bd2 $1 {N} (15. Ba6 Qe8 16. Qe2 Qc6 17. Qb5 Qxc3 $10 {Sokolov,
A-Rosentalis,E/URS/1986/}) 15... h6 {Serper,G-rosentalis,E/URS-YM Tbilisi/1989/
-> CBM 12}) 13. Rb5 Bc7 (13... Nc6 $2 14. Rxd5 $1 Bxh2+ 15. Nxh2 $1 Bxd1 16.
Rxd8 Raxd8 17. Rxd1 $18) 14. c4 Qd6 (14... dxc4 $2 15. Be4 $1) 15. Re1 $1 Bxf3
16. Qxf3 Qxh2+ 17. Kf1 Nc6 18. Rxd5 Rae8 19. Be3 $2 (19. Rxe8 $1 Qh1+ (19...
Rxe8 $2 20. Rh5 $1) 20. Ke2 Rxe8+ 21. Be3 {/\ 22.Qf5; 22.Rd7} Qa1 (21... Re7
22. Rd7 $1 Rxd7 23. Qxc6 Qh5+ 24. f3 $18) 22. Qf5 Nxd4+ 23. Rxd4 Qxd4 24. Qxh7+
Kf8 25. Qh8+ Ke7 26. Qxe8+ $18) 19... g6 (19... f5 $5 20. Rxf5 $2 Nxd4 $1) 20.
a3 Qh1+ 21. Ke2 Qh4 22. g4 $1 f5 23. Rd7 f4 24. Rh1 Qf6 25. Qd5+ Re6 26. g5
Nxd4+ 27. Kd1 1-0

[Event "(GER-ch) Internationa06 DSB Mephisto GM"]
[Site "Hannover"]
[Date "1983.08.12"]
[Round "6"]
[White "Lobron, Eric"]
[Black "Karpov, Anatoly"]
[Result "0-1"]
[WhiteElo "2515"]
[BlackElo "2710"]
[Annotator "ChessBase"]
[PlyCount "80"]
[EventDate "1983.08.05"]
[EventType "tourn"]
[EventRounds "15"]
[EventCountry "GER"]
[EventCategory "9"]
[SourceTitle "MCL"]
[Source "ChessBase"]
[SourceDate "1999.07.01"]
[SourceVersion "1"]
[SourceVersionDate "1999.07.01"]
[SourceQuality "1"]

1. e4 e5 2. Nf3 Nf6 3. Nxe5 d6 4. Nf3 Nxe4 5. d4 d5 6. Bd3 Be7 7. O-O Nc6 8.
Re1 Bg4 9. c4 Nf6 10. Nc3 $2 Bxf3 $1 11. Qxf3 Nxd4 12. Qg3 dxc4 $6 (12... Ne6
$142 $15 {Kavalek}) 13. Bxc4 O-O $1 (13... Nc2 $2 14. Qxg7 Rf8 15. Bg5 $16) 14.
Bg5 Bd6 $1 (14... h6 15. Rxe7 $1 Qxe7 16. Nd5 $18) 15. Qh4 $6 (15. Qh3 $1 $10
Qd7 16. Qh4 Nf5 17. Qh3 Nd4 $10 {Kavalek}) 15... h6 16. Bxf6 Qxf6 17. Qxf6 gxf6
18. Re4 c5 19. Rh4 Kg7 20. Ne4 Be7 21. Ng3 f5 22. Rh3 Bd6 23. f4 $6 b5 24. Bd3
c4 25. Bxf5 Rfe8 26. Be4 Rad8 27. Rf1 b4 28. Kh1 c3 29. bxc3 bxc3 30. Nf5+ Nxf5
31. Bxf5 Bb4 32. a3 Ba5 33. g4 Re2 34. g5 h5 $1 35. Rxh5 c2 36. Bxc2 Rxc2 37.
f5 Bc7 38. g6 f6 39. Rh7+ Kg8 40. Re1 a5 {/\41..Be5,42...Rdd2} 0-1

[Event "Paris FIDE GP"]
[Site "Elancourt"]
[Date "2013.09.23"]
[Round "2"]
[White "Ponomariov, Ruslan"]
[Black "Giri, Anish"]
[Result "1/2-1/2"]
[WhiteElo "2756"]
[BlackElo "2737"]
[Annotator "ChessBase Website"]
[PlyCount "100"]
[EventDate "2013.09.22"]
[EventType "tourn"]
[EventRounds "11"]
[EventCountry "FRA"]
[EventCategory "20"]
[SourceTitle "CBM 157"]
[Source "ChessBase"]
[SourceDate "2013.11.12"]
[SourceVersion "1"]
[SourceVersionDate "2013.11.12"]
[SourceQuality "1"]
[TimeControl "40/7200:20/3600:900+30"]
[WhiteClock "2:00:00"]
[BlackClock "2:00:00"]

1. e4 {[%emt 0:00:03]} e5 {[%emt 0:00:06]} 2. Nf3 {[%emt 0:00:06]} Nf6 {
[%emt 0:00:03]} 3. Nxe5 {[%emt 0:00:23]} d6 {[%emt 0:00:04]} 4. Nf3 {[%emt 0:
00:11]} Nxe4 {[%emt 0:00:05]} 5. Nc3 {[%emt 0:00:17]} Nxc3 {[%emt 0:00:04]} 6.
dxc3 {[%emt 0:00:10]} Be7 {[%emt 0:00:03]} 7. Be3 {[%emt 0:00:16]} Nc6 {
[%emt 0:00:17]} 8. Qd2 {[%emt 0:00:22]} Be6 {[%emt 0:00:04]} 9. O-O-O {[%emt 0:
00:37]} Qd7 {[%emt 0:00:03]} 10. Kb1 {[%emt 0:00:27]} Bf6 {[%emt 0:00:04]} 11.
Bg5 {[%emt 0:01:00]} Bxg5 {[%emt 0:00:08]} 12. Nxg5 {[%emt 0:00:10]} O-O-O {
[%emt 0:00:04]} 13. Nxe6 {[%emt 0:00:53]} Qxe6 {[%emt 0:00:02]} 14. g3 {
[%emt 0:00:37]} Kb8 $146 {[%emt 0:00:37]} 15. Bg2 {[%emt 0:01:54]} Rhe8 {
[%emt 0:00:41]} 16. Bd5 {[%emt 0:20:32]} Qd7 {[%emt 0:00:10]} 17. Qg5 {[%emt 0:
02:13]} f6 {[%emt 0:08:40]} 18. Qh4 {[%emt 0:05:55]} h6 $11 {[%emt 0:01:16]
Ponomariov was unable to obtain much against Giri's Petroff. The bishop
against knight duel really didn't favor the bishop. At least some credit has
to be given to Ponomariov as he refused a repetition in an equal position to
try to play for more. Even though he wasn't able to push through in the end it
is refreshing that at least one player wanted to play chess today.} 19. Rd2 {
[%emt 0:10:40]} Re7 {[%emt 0:06:02]} 20. b3 {[%emt 0:03:37]} Rde8 {[%emt 0:00:
38]} 21. Kb2 {[%emt 0:03:48]} Ne5 {[%emt 0:05:35]} 22. Qb4 {[%emt 0:03:07]} Nc6
{[%emt 0:00:09]} 23. Qf4 {[%emt 0:02:52]} Ne5 {[%emt 0:00:56]} 24. Qb4 {
[%emt 0:02:36]} Nc6 {[%emt 0:00:08]} 25. Qf4 {[%emt 0:00:08]} Ne5 {[%emt 0:00:
05]} 26. h3 {[%emt 0:00:23]} c6 {[%emt 0:07:18]} 27. Bg2 {[%emt 0:00:20]} Qc7 {
[%emt 0:00:04]} 28. c4 {[%emt 0:01:43]} Nf7 {[%emt 0:00:36]} 29. Qf5 {[%emt 0:
14:52]} Qb6 $1 {[%emt 0:06:16][%cal Gb6c5,Gc5f5]} 30. Rhd1 {[%emt 0:02:03]} Qc5
$132 {[%emt 0:00:27]} 31. Qxc5 {[%emt 0:06:17]} dxc5 {[%emt 0:00:17]} 32. h4 {
[%emt 0:00:28]} Kc7 {[%emt 0:00:33]} 33. Bh3 {[%emt 0:07:37]} Rd8 {[%emt 0:00:
05]} 34. Rxd8 {[%emt 0:01:15]} Nxd8 {[%emt 0:00:01]} 35. a4 {[%emt 0:01:48]} a5
{[%emt 0:03:23]} 36. Bf5 {[%emt 0:02:27]} Nf7 {[%emt 0:00:09]} 37. Kc1 {
[%emt 0:00:55]} Ne5 {[%emt 0:03:26]} 38. c3 {[%emt 0:01:24]} g6 {[%emt 0:03:32]
} 39. Bc2 {[%emt 0:01:42]} f5 {[%emt 0:08:14]} 40. h5 {[%emt 0:00:00]} gxh5 {
[%emt 0:00:00]} 41. Rh1 {[%emt 0:01:34]} Ng4 {[%emt 0:00:10]} 42. Bxf5 {
[%emt 0:02:38]} Nxf2 {[%emt 0:00:16]} 43. Rxh5 {[%emt 0:00:09]} Rg7 {[%emt 0:
03:20]} 44. Rh2 {[%emt 0:03:15]} Ng4 {[%emt 0:00:07]} 45. Bxg4 {[%emt 0:00:28]}
Rxg4 {[%emt 0:00:02]} 46. Rxh6 {[%emt 0:00:07]} Rxg3 {[%emt 0:00:02]} 47. Kc2 {
[%emt 0:00:08]} Rg2+ {[%emt 0:00:02]} 48. Kc1 {[%emt 0:00:07]} Rg1+ {[%emt 0:
00:03]} 49. Kc2 {[%emt 0:00:05]} Rg2+ {[%emt 0:00:01]} 50. Kc1 {[%emt 0:00:06]}
Rg1+ {[%emt 0:00:03]} 1/2-1/2

[Event "Paris FIDE GP"]
[Site "Elancourt"]
[Date "2013.10.03"]
[Round "10"]
[White "Ivanchuk, Vassily"]
[Black "Giri, Anish"]
[Result "1/2-1/2"]
[WhiteElo "2731"]
[BlackElo "2737"]
[Annotator "ChessBase Website"]
[PlyCount "66"]
[EventDate "2013.09.22"]
[EventType "tourn"]
[EventRounds "11"]
[EventCountry "FRA"]
[EventCategory "20"]
[SourceTitle "CBM 157"]
[Source "ChessBase"]
[SourceDate "2013.11.12"]
[SourceVersion "1"]
[SourceVersionDate "2013.11.12"]
[SourceQuality "1"]
[TimeControl "40/7200:20/3600:900+30"]
[WhiteClock "2:00:00"]
[BlackClock "2:00:00"]

1. e4 {[%emt 0:00:02]} e5 {[%emt 0:00:04]} 2. Nf3 {[%emt 0:00:23]} Nf6 {
[%emt 0:00:05]} 3. Nxe5 {[%emt 0:04:15]} d6 {[%emt 0:00:02]} 4. Nf3 {[%emt 0:
00:06]} Nxe4 {[%emt 0:00:02]} 5. d4 {[%emt 0:00:04]} d5 {[%emt 0:00:03]} 6. Bd3
{[%emt 0:00:04]} Be7 {[%emt 0:00:04]} 7. O-O {[%emt 0:00:05]} Nc6 {[%emt 0:00:
02]} 8. c4 {[%emt 0:00:25]} Nb4 {[%emt 0:00:21]} 9. Be2 {[%emt 0:00:05]} O-O {
[%emt 0:00:25]} 10. Nc3 {[%emt 0:00:03]} Bf5 {[%emt 0:00:07]} 11. a3 {[%emt 0:
00:06]} Nxc3 {[%emt 0:00:03]} 12. bxc3 {[%emt 0:00:06]} Nc6 {[%emt 0:00:02]}
13. Re1 {[%emt 0:00:05]} Re8 {[%emt 0:00:29]} 14. cxd5 {[%emt 0:00:05]} Qxd5 {
[%emt 0:00:04]} 15. Bf4 {[%emt 0:00:08]} Rac8 {[%emt 0:00:10]} 16. Qc1 {
[%emt 0:00:05]} Qd7 {[%emt 0:07:35]} 17. Qb2 $146 {[%emt 0:21:54]} (17. Bb5 Bd6
18. Ne5 Bxe5 19. Bxe5 a6 20. Qg5 Bg6 21. Bxc6 Qxc6 22. Qg3 f6 23. Bf4 Qc4 24.
h3 c5 25. Be3 b6 26. Rac1 Qb5 27. d5 Qb3 28. d6 Rcd8 29. Bf4 Qxa3 30. Ra1 Rxe1+
31. Rxe1 Qb3 32. Qf3 Re8 33. Ra1 a5 34. Qc6 Qxc3 35. Rc1 Qd3 36. Qxb6 c4 37.
Qc7 Bf5 38. Qxa5 h6 39. Qc5 Rc8 {1/2-1/2 (39) Lang,M (2456)-Eilmes,D (2349)
ICCF email 2006}) 17... Bd6 {[%emt 0:01:15]} 18. Bxd6 {[%emt 0:00:17]} cxd6 {
[%emt 0:01:01]} 19. Bb5 {[%emt 0:03:31]} d5 {[%emt 0:38:03]} 20. Ne5 {[%emt 0:
07:08]} Qc7 {[%emt 0:00:53]} 21. Qd2 {[%emt 0:02:50]} f6 {[%emt 0:04:22]} 22.
Nxc6 {[%emt 0:00:21]} bxc6 {[%emt 0:00:12]} 23. Bd3 {[%emt 0:00:01]} Bxd3 {
[%emt 0:02:23]} 24. Qxd3 {[%emt 0:00:06]} Qd7 {[%emt 0:00:08]} 25. h3 {[%emt 0:
00:15]} g6 {[%emt 0:03:16] The Petroff landed the players in a truly
symmetrical position that was very much dead drawn from move 25.} 26. Rab1 {
[%emt 0:01:51]} Rxe1+ {[%emt 0:00:22]} 27. Rxe1 {[%emt 0:00:05]} Re8 {[%emt 0:
00:17]} 28. Re2 {[%emt 0:00:27]} Rxe2 {[%emt 0:00:07]} 29. Qxe2 {[%emt 0:00:02]
} Kf7 {[%emt 0:00:06]} 30. Qa6 {[%emt 0:00:10]} g5 {[%emt 0:01:15]} 31. Qd3 {
[%emt 0:00:18]} Kg7 {[%emt 0:00:05]} 32. Qa6 {[%emt 0:00:03]} Kf7 {[%emt 0:00:
04]} 33. Qd3 {[%emt 0:00:06]} Kg7 {[%emt 0:00:02]} 1/2-1/2

[Event "Paris FIDE GP"]
[Site "Elancourt"]
[Date "2013.09.28"]
[Round "6"]
[White "Ponomariov, Ruslan"]
[Black "Dominguez Perez, Leinier"]
[Result "1/2-1/2"]
[WhiteElo "2756"]
[BlackElo "2757"]
[Annotator "ChessBase Website"]
[PlyCount "62"]
[EventDate "2013.09.22"]
[EventType "tourn"]
[EventRounds "11"]
[EventCountry "FRA"]
[EventCategory "20"]
[SourceTitle "CBM 157"]
[Source "ChessBase"]
[SourceDate "2013.11.12"]
[SourceVersion "1"]
[SourceVersionDate "2013.11.12"]
[SourceQuality "1"]
[TimeControl "40/7200:20/3600:900+30"]
[WhiteClock "2:00:00"]
[BlackClock "2:00:00"]

1. e4 {[%emt 0:00:03]} e5 {[%emt 0:00:07]} 2. Nf3 {[%emt 0:00:16]} Nf6 {
[%emt 0:00:08]} 3. Nxe5 {[%emt 0:02:48]} d6 {[%emt 0:00:06]} 4. Nf3 {[%emt 0:
00:10]} Nxe4 {[%emt 0:00:09]} 5. d4 {[%emt 0:00:45]} d5 {[%emt 0:00:18]} 6. Bd3
{[%emt 0:00:21]} Nc6 {[%emt 0:00:23]} 7. O-O {[%emt 0:00:44]} Be7 {[%emt 0:00:
08]} 8. c4 {[%emt 0:01:14]} Nb4 {[%emt 0:00:41]} 9. Be2 {[%emt 0:00:44]} O-O {
[%emt 0:00:11]} 10. Nc3 {[%emt 0:00:17]} Bf5 {[%emt 0:00:08]} 11. a3 {[%emt 0:
01:17]} Nxc3 {[%emt 0:00:09]} 12. bxc3 {[%emt 0:00:05]} Nc6 {[%emt 0:00:06]}
13. Bf4 {[%emt 0:08:41]} dxc4 {[%emt 0:07:04]} 14. Bxc4 {[%emt 0:01:03]} Bd6 {
[%emt 0:00:22]} 15. Bg5 {[%emt 0:02:14]} Qd7 {[%emt 0:04:54]} 16. Nh4 {[%emt 0:
04:49]} Na5 {[%emt 0:08:56]} 17. Bd3 {[%emt 0:05:52]} Bxd3 {[%emt 0:15:28]} 18.
Qxd3 {[%emt 0:00:05]} Qg4 {[%emt 0:08:53]} 19. Nf3 {[%emt 0:02:16]} Qe6 {
[%emt 0:27:34]} 20. Rfe1 {[%emt 0:09:50]} Qd5 {[%emt 0:05:08]} 21. Be7 {
[%emt 0:06:15]} Rfe8 {[%emt 0:00:38]} 22. Ng5 {[%emt 0:00:27]} f5 {[%emt 0:01:
42]} 23. Bxd6 {[%emt 0:05:21]} cxd6 {[%emt 0:00:02]} 24. Qh3 $146 {[%emt 0:01:
50]} (24. Nh3 Nc4 25. Nf4 Qf7 26. d5 Ne5 27. Qc2 Rac8 28. Ne6 Qg6 29. Nd4 f4
30. Qxg6 hxg6 31. Nb5 Red8 32. Nxa7 Rxc3 33. Nb5 Rc5 34. Nxd6 Rxd6 35. Rxe5
Rcxd5 36. Rxd5 Rxd5 37. Rb1 {1/2-1/2 (33) Alekseev,E (2711)-Ivanchuk,V (2740)
Dagomys 2008}) 24... h6 {[%emt 0:01:09]} 25. Qh5 {[%emt 0:00:53] Ponomariov
was simply unable to put a dent in Dominguez's Petroff and he had to settle
for a draw to make sure that his pawn structure didn't become a serious issue.}
Rxe1+ {[%emt 0:02:09]} 26. Rxe1 {[%emt 0:00:05]} hxg5 {[%emt 0:00:06]} 27. Re8+
{[%emt 0:00:58]} Rxe8 {[%emt 0:00:09]} 28. Qxe8+ {[%emt 0:00:02]} Kh7 {[%emt 0:
00:08]} 29. Qh5+ {[%emt 0:00:03]} Kg8 {[%emt 0:00:06]} 30. Qe8+ {[%emt 0:00:04]
} Kh7 {[%emt 0:00:06]} 31. Qh5+ {[%emt 0:00:03]} Kg8 {[%emt 0:00:19]} 1/2-1/2